| 000 | 00485nam a2200157 i 4500 | ||
|---|---|---|---|
| 001 | 32234 | ||
| 003 | ES-MaACL | ||
| 005 | 20230906154534.0 | ||
| 007 | t| | ||
| 008 | 030130s1948 sp ||||1| spa d | ||
| 100 | 1 |
_aBenítez de Lugo y Reymundo, Luis. _927633 |
|
| 245 | 1 | 0 |
_aSeguro público y privado / _cpor Luis Benítez de Lugo Reymundo. |
| 260 |
_aMadrid : _bInstituto Editorial Reus, _c1948 ( _fImp. Radio) |
||
| 300 |
_a47 p. ; _c24 cm. |
||
| 852 |
_aES-MaACL _j1885-F-13 _bR.26045 |
||
| 999 |
_c32234 _d32234 |
||